Practical handbook of photovoltaics : (Record no. 9534)

MARC details
000 -LEADER
fixed length control field 01636cam a22003974a 4500
001 - CONTROL NUMBER
control field 13045742
003 - CONTROL NUMBER IDENTIFIER
control field OSt
005 - DATE AND TIME OF LATEST TRANSACTION
control field 20251007101425.0
008 - FIXED-LENGTH DATA ELEMENTS--GENERAL INFORMATION
fixed length control field 030102s2003 nyua bf 001 0 eng
010 ## - LIBRARY OF CONGRESS CONTROL NUMBER
LC control number 2003040758
020 ## - INTERNATIONAL STANDARD BOOK NUMBER
International Standard Book Number 1856173909
020 ## - INTERNATIONAL STANDARD BOOK NUMBER
International Standard Book Number 9781856173902
035 ## - SYSTEM CONTROL NUMBER
System control number 13045742
040 ## - CATALOGING SOURCE
Original cataloging agency DLC
Transcribing agency must
Modifying agency DLC
042 ## - AUTHENTICATION CODE
Authentication code pcc
050 00 - LIBRARY OF CONGRESS CALL NUMBER
Classification number TK8322
Item number .P73 2003
082 00 - DEWEY DECIMAL CLASSIFICATION NUMBER
Classification number 621.3815/42
Edition number 21
245 00 - TITLE STATEMENT
Title Practical handbook of photovoltaics :
Remainder of title fundamentals and applications /
Statement of responsibility, etc. edited by Tom Markvart and Luis Castaner.
260 ## - PUBLICATION, DISTRIBUTION, ETC. (IMPRINT)
Place of publication, distribution, etc. New York :
Name of publisher, distributor, etc. Elsevier Advanced Technology,
Date of publication, distribution, etc. c2003.
300 ## - PHYSICAL DESCRIPTION
Extent xiv, 984 p. :
Other physical details ill. ;
Dimensions 25 cm.
336 ## - CONTENT TYPE
Content type term text
Content type code txt
Source rdacontent
337 ## - MEDIA TYPE
Media type term unmediated
Media type code n
Source rdamedia
338 ## - CARRIER TYPE
Carrier type term volume
Carrier type code nc
Source rdacarrier
504 ## - BIBLIOGRAPHY, ETC. NOTE
Bibliography, etc Includes bibliographical references (p. [941]-945) and index.
650 #0 - SUBJECT ADDED ENTRY--TOPICAL TERM
Topical term or geographic name as entry element Photovoltaic cells
Form subdivision Handbooks, manuals, etc.
9 (RLIN) 19406
650 #0 - SUBJECT ADDED ENTRY--TOPICAL TERM
Topical term or geographic name as entry element Photovoltaic power generation
Form subdivision Handbooks, manuals, etc.
9 (RLIN) 19407
650 #0 - SUBJECT ADDED ENTRY--TOPICAL TERM
Topical term or geographic name as entry element Photovoltaic power systems
Form subdivision Handbooks, manuals, etc.
9 (RLIN) 19408
700 1# - ADDED ENTRY--PERSONAL NAME
Personal name Markvart, T.
9 (RLIN) 19409
700 1# - ADDED ENTRY--PERSONAL NAME
Personal name Castañer, Luis.
9 (RLIN) 19410
856 42 - ELECTRONIC LOCATION AND ACCESS
Materials specified Publisher description
Uniform Resource Identifier <a href="http://www.loc.gov/catdir/enhancements/fy0614/2003040758-d.html">http://www.loc.gov/catdir/enhancements/fy0614/2003040758-d.html</a>
856 41 - ELECTRONIC LOCATION AND ACCESS
Materials specified Table of contents only
Uniform Resource Identifier <a href="http://www.loc.gov/catdir/enhancements/fy0614/2003040758-t.html">http://www.loc.gov/catdir/enhancements/fy0614/2003040758-t.html</a>
906 ## - LOCAL DATA ELEMENT F, LDF (RLIN)
a 7
b cbc
c orignew
d 1
e ocip
f 20
g y-gencatlg
942 ## - ADDED ENTRY ELEMENTS (KOHA)
Source of classification or shelving scheme Other/Generic Classification Scheme
Koha item type Book Bank
Holdings
Withdrawn status Lost status Source of classification or shelving scheme Damaged status Not for loan Home library Current library Date acquired Source of acquisition Inventory number Total Checkouts Full call number Barcode Date last seen Price effective from Koha item type
    Other/Generic Classification Scheme     MUST Main Library MUST Main Library 07/10/2025 purchase 11/33721   621.3815/42 2025-0060 07/10/2025 07/10/2025 Book Bank